=LDR 00000nam 2200000 4500 =001 INLIS000000000017817 =005 20130612113028 =008 ***********************************Ind** =035 ##$$0010-061300000017817 =041 ##$$a Ind =082 ##$$a 91o.07 =090 ##$$a 915.98, Mul k =100 ##$$a Mulyo, Bambang Ninato =245 ##$$a Kompetensi dasar geografi2 untuk SMA dan MA, Bambang Nianto Mulyo =260 ##$$a 2004 $b Solo =300 ##$$a ...jil, ilus, 25 cm =650 ##$$a Geografi Indonesia =850 ##$$a NBPNMAT =990 ##$$a 0001/BPAP-NTB/2015